000
00311nam a22001337a 4500
008
181019b xxu||||| |||| 00| 0 eng d
020
_a
060403241
041
_a
eng
080
_a
330
100
_a
52
101
_a
EKO
245
_a
An Introduction to Mathematical Economics
_c
Archibald,G.C
942
_2
udc
_c
BK
999
_c
50292
_d
50292